Países que empiezan y terminan con una consonante - Estadísticas

Estadísticas generales
  • Esta prueba ha sido intentada 1.548 veces
    1.546 desde el último reinicio
  • La puntuación promedio es 29 de 48
Estadísticas de respuestas
África % Correcto
Brasil
89%
Portugal
75%
Japón
73%
Kazajistán
73%
Sudán
72%
Turkmenistán
71%
Kirguistán
70%
Pakistán
70%
Tayikistán
70%
Chad
67%
Sudán del Sur
67%
Marruecos
66%
Bahamas
65%
Barbados
65%
Bután
65%
Paraguay
65%
Surinam
65%
Benín
62%
Madagascar
62%
Senegal
62%
Vietnam
62%
Yemen
62%
Camerún
61%
Níger
61%
San Cristóbal y Nieves
61%
Honduras
60%
Catar
59%
Corea del Sur
59%
Seychelles
59%
Túnez
59%
Nepal
58%
Comoras
57%
Laos
57%
Gabón
56%
Liechtenstein
56%
San Vicente y las Granadinas
56%
Baréin
55%
Palaos
55%
Costa de Marfil
53%
Bangladés
52%
Guinea Ecuatorial
52%
Kuwait
50%
Singapur
50%
Países Bajos
47%
Filipinas
45%
Maldivas
43%
Timor Oriental
43%
Myanmar
24%
No se encontraron pruebas coincidentes
Distribución de puntuación
Porcentaje de gente con cada puntuación
Porcentaje por número respondido
Historial de tus puntuaciones
No has intentado esta prueba desde el último reinicio